[Event "FICS rated blitz game"]
[Site "FICS freechess.org"]
[Date "2018.01.05"]
[Round "?"]
[White "TheRealRedKnight"]
[Black "Lochlomond"]
[Result "1-0"]
[WhiteElo "1599"]
[BlackElo "1331"]
[PlyCount "43"]
[EventDate "2018.??.??"]
[EventType "blitz"]

1. e4 Nc6 2. Nf3 e5 3. c3 Nf6 4. Qc2 d6 5. h3 Be6 6. d4 Be7 7. d5 Bxd5 8. exd5
Nxd5 9. Bb5 O-O 10. Bxc6 bxc6 11. O-O Bf6 12. Nbd2 Re8 13. Ne4 Rb8 14. Nxf6+
gxf6 15. Re1 Kh8 16. b3 Rg8 17. c4 Qd7 18. cxd5 Qxh3 19. g3 Rxg3+ 20. fxg3
Qxg3+ 21. Qg2 Qxg2+ 22. Kxg2 {Black resigns} 1-0

[Event "FICS rated standard game"]
[Site "FICS freechess.org"]
[Date "2018.01.05"]
[Round "?"]
[White "ProAudioVisual"]
[Black "bestcoast"]
[Result "1-0"]
[WhiteElo "1748"]
[BlackElo "1769"]
[PlyCount "91"]
[EventDate "2018.??.??"]

1. e4 e5 2. c3 Nc6 3. Nf3 d5 4. Bd3 d4 5. Bb5 Bg4 6. Qe2 Nge7 7. h3 Bd7 8. Bxc6
Nxc6 9. cxd4 exd4 10. O-O Qe7 11. d3 h6 12. Nbd2 O-O-O 13. a3 g5 14. Nh2 h5 15.
f3 g4 16. fxg4 hxg4 17. Nxg4 Bg7 18. Qf3 Rdf8 19. Nc4 Bxg4 20. Qxg4+ Kb8 21.
Bf4 Rfg8 22. Qf5 Nd8 23. Bh2 Bh6 24. Rf3 Rg7 25. Rg3 Rhg8 26. Rxg7 Rxg7 27. b4
Ne6 28. Rf1 Be3+ 29. Kh1 a6 30. Ne5 Ng5 31. Ng4 a5 32. Qc5 Qxc5 33. bxc5 Ne6
34. Be5 Rh7 35. Rf3 Ng5 36. Rg3 Ne6 37. Nxe3 dxe3 38. Rxe3 Nxc5 39. d4 Nd7 40.
Bh2 Rh4 41. d5 Nc5 42. e5 Ne4 43. Kg1 Nd2 44. e6 fxe6 45. dxe6 Rh8 46. Rc3 1-0

[Event "FICS rated blitz game"]
[Site "FICS freechess.org"]
[Date "2018.01.05"]
[Round "?"]
[White "arju"]
[Black "FrankHeller"]
[Result "1-0"]
[WhiteElo "1633"]
[BlackElo "1657"]
[PlyCount "93"]
[EventDate "2018.??.??"]
[EventType "blitz"]

1. e4 e5 2. Nf3 Nc6 3. c3 Nf6 4. d3 d5 5. Bg5 dxe4 6. Bxf6 Qxf6 7. dxe4 Bg4 8.
Be2 Bc5 9. O-O O-O 10. Nbd2 Rad8 11. Qc2 Rd7 12. Rad1 Rfd8 13. Nb3 Bb6 14. Rxd7
Rxd7 15. Rd1 Qd8 16. Rxd7 Qxd7 17. h3 Bh5 18. Kh2 Bg6 19. Bb5 f6 20. Nh4 Bf7
21. Nf5 Kf8 22. f3 a6 23. Qd3 Qxd3 24. Bxd3 g6 25. Ng3 Na5 26. Nxa5 Bxa5 27. a3
Ke7 28. Kg1 Kd6 29. Kf2 Bb6+ 30. Ke2 Kc5 31. b4+ Kd6 32. c4 c5 33. Nf1 Ba7 34.
Ne3 cxb4 35. axb4 Bxe3 36. Kxe3 b6 37. f4 exf4+ 38. Kxf4 Be8 39. g4 Ba4 40. g5
fxg5+ 41. Kxg5 Ke5 42. c5 bxc5 43. bxc5 a5 44. Kh6 Kd4 45. Bb1 Kxc5 46. Kxh7
Kd4 47. Kxg6 1-0

[Event "FICS rated standard game"]
[Site "FICS freechess.org"]
[Date "2018.01.05"]
[Round "?"]
[White "CarveItUp"]
[Black "JANILKUMAR"]
[Result "0-1"]
[WhiteElo "1767"]
[BlackElo "1744"]
[PlyCount "78"]
[EventDate "2018.??.??"]

1. e4 e5 2. Nf3 Nc6 3. c3 Nf6 4. Qc2 d5 5. exd5 Nxd5 6. d3 Bf5 7. Nbd2 Bc5 8.
Be2 Nf4 9. Ne4 Nxg2+ 10. Kf1 Bxe4 11. Kxg2 Bg6 12. Rg1 O-O 13. Kh1 Bxf2 14. Rg2
Bb6 15. Bd2 Qd7 16. Nh4 Rad8 17. Nxg6 fxg6 18. Bg5 Rde8 19. Bg4 Qd5 20. c4 Qd4
21. Re1 Rf2 22. Rxf2 Qxf2 23. Qxf2 Bxf2 24. Re4 Bd4 25. b3 Nb4 26. Bd7 Rf8 27.
Be7 Nxd3 28. Be6+ Rf7 29. Kg2 Nf4+ 30. Rxf4 exf4 31. Kf3 Bf6 32. Bxf6 gxf6 33.
Kxf4 Kf8 34. Bxf7 Kxf7 35. b4 c6 36. a4 a6 37. c5 Ke6 38. Ke4 f5+ 39. Kf4 Kd5 {
White resigns} 0-1

[Event "FICS rated standard game"]
[Site "FICS freechess.org"]
[Date "2018.01.05"]
[Round "?"]
[White "knanah"]
[Black "fireflygmf"]
[Result "0-1"]
[WhiteElo "1575"]
[BlackElo "1512"]
[PlyCount "32"]
[EventDate "2018.??.??"]

1. e4 e5 2. Nf3 Nc6 3. c3 Nf6 4. Bc4 Bc5 5. O-O O-O 6. Ng5 d5 7. exd5 Nxd5 8.
Bxd5 Qxd5 9. Nf3 Bg4 10. d3 f5 11. Nbd2 Qxd3 12. Qb3+ Kh8 13. Qxb7 Qd6 14. Nc4
Qg6 15. Re1 Bxf3 16. Nxe5 Qxg2# {White checkmated} 0-1

[Event "FICS rated blitz game"]
[Site "FICS freechess.org"]
[Date "2018.01.05"]
[Round "?"]
[White "Nahka"]
[Black "fluters"]
[Result "1-0"]
[WhiteElo "1834"]
[BlackElo "1683"]
[PlyCount "85"]
[EventDate "2018.??.??"]
[EventType "blitz"]

1. e4 e5 2. Nf3 Nc6 3. c3 Nf6 4. d4 exd4 5. e5 Nd5 6. cxd4 Bb4+ 7. Bd2 O-O 8.
Bc4 Nb6 9. Be2 d6 10. O-O dxe5 11. dxe5 Bg4 12. a3 Bxd2 13. Nbxd2 Nd5 14. Qa4
Bd7 15. Qe4 Be6 16. Rad1 f5 17. exf6 Qxf6 18. Bc4 Rad8 19. Rfe1 Rfe8 20. Nb3
Nf4 21. Nc5 Rxd1 22. Rxd1 Qf7 23. Bxe6 Nxe6 24. Nxb7 Ng5 25. Qxc6 Nxf3+ 26.
Qxf3 Qxf3 27. gxf3 Re2 28. b4 h6 29. Rd3 Rb2 30. Kg2 a6 31. Nc5 a5 32. bxa5 Rb5
33. Nb3 c6 34. a6 Rb6 35. a7 Ra6 36. Rd8+ Kh7 37. a8=Q Rxa8 38. Rxa8 c5 39. Nd4
c4 40. Kf1 c3 41. Ke1 c2 42. Kd2 c1=Q+ 43. Kxc1 1-0

[Event "FICS rated standard game"]
[Site "FICS freechess.org"]
[Date "2018.01.05"]
[Round "?"]
[White "knanah"]
[Black "xsus"]
[Result "0-1"]
[WhiteElo "1564"]
[BlackElo "2163"]
[PlyCount "44"]
[EventDate "2018.??.??"]

1. e4 e5 2. Nf3 Nc6 3. c3 d5 4. exd5 Qxd5 5. d4 Nf6 6. a4 Bg4 7. Bb5 O-O-O 8.
Bxc6 Qxc6 9. Qd3 e4 10. Ne5 exd3 11. Nxc6 bxc6 12. O-O Be2 13. Re1 c5 14. c4
cxd4 15. Bf4 Ne4 16. a5 Bb4 17. Rc1 g5 18. Be5 Rhe8 19. Bf6 Nxf6 20. Ra4 d2 21.
Nxd2 Bxd2 22. Rc2 Bd1 {White resigns} 0-1

[Event "FICS rated blitz game"]
[Site "FICS freechess.org"]
[Date "2018.01.05"]
[Round "?"]
[White "feroze"]
[Black "RMV"]
[Result "1-0"]
[WhiteElo "1476"]
[BlackElo "1339"]
[PlyCount "43"]
[EventDate "2018.??.??"]
[EventType "blitz"]

1. e4 e5 2. Nf3 Nc6 3. c3 Nf6 4. d4 exd4 5. e5 Ng4 6. cxd4 Bb4+ 7. Nc3 O-O 8.
h3 Nh6 9. Be2 Nf5 10. g4 Nfe7 11. a3 Ba5 12. b4 Bb6 13. d5 Nb8 14. Bg5 h6 15.
h4 hxg5 16. hxg5 Ng6 17. Bd3 d6 18. Bxg6 fxg6 19. e6 c6 20. Qd3 Rxf3 21. Qxf3
Qxg5 22. Ne4 1-0

[Event "FICS rated blitz game"]
[Site "FICS freechess.org"]
[Date "2018.01.05"]
[Round "?"]
[White "ashups"]
[Black "menalm"]
[Result "0-1"]
[WhiteElo "1212"]
[BlackElo "1516"]
[PlyCount "38"]
[EventDate "2018.??.??"]
[EventType "blitz"]

1. e4 e5 2. Nf3 Nc6 3. c3 Qe7 4. Bc4 b6 5. d4 exd4 6. cxd4 Bb7 7. d5 Ne5 8.
Nxe5 Qxe5 9. O-O O-O-O 10. Qa4 Kb8 11. f4 Qd4+ 12. Kh1 Qxe4 13. Nc3 Qd4 14. Nb5
Qe4 15. Qxa7+ Kc8 16. b3 Nf6 17. Bb2 Nxd5 18. Nxc7 Nxc7 19. Rac1 Qxg2# {
White checkmated} 0-1

[Event "FICS rated standard game"]
[Site "FICS freechess.org"]
[Date "2018.01.05"]
[Round "?"]
[White "piaanist"]
[Black "catatumbostorm"]
[Result "1-0"]
[WhiteElo "1354"]
[BlackElo "1346"]
[PlyCount "37"]
[EventDate "2018.??.??"]

1. e4 e5 2. Nf3 Nc6 3. c3 a6 4. d4 f6 5. d5 Nce7 6. Be3 Ng6 7. g3 d6 8. Bg2 Bg4
9. Nbd2 Qd7 10. O-O f5 11. exf5 Qxf5 12. c4 e4 13. h3 Bxf3 14. Bxf3 exf3 15.
Re1 Qxh3 16. Qxf3 Ne5 17. Bf4 O-O-O 18. Bxe5 dxe5 19. Ne4 1-0

[Event "FICS rated blitz game"]
[Site "FICS freechess.org"]
[Date "2018.01.05"]
[Round "?"]
[White "hoken"]
[Black "mugger"]
[Result "0-1"]
[WhiteElo "1434"]
[BlackElo "1416"]
[PlyCount "36"]
[EventDate "2018.??.??"]
[EventType "blitz"]

1. e4 e5 2. Nf3 Nc6 3. c3 Bc5 4. d4 exd4 5. cxd4 Bb4+ 6. Nc3 d5 7. e5 Bg4 8.
Be2 Bxf3 9. Bxf3 Qh4 10. Be3 O-O-O 11. O-O Nge7 12. a3 Ba5 13. b4 Bb6 14. Nb5
a6 15. Nc3 Nxd4 16. Bxd4 Bxd4 17. Rc1 Bxe5 18. Bxd5 Qxh2# {White checkmated}
0-1

[Event "FICS rated blitz game"]
[Site "FICS freechess.org"]
[Date "2018.01.05"]
[Round "?"]
[White "Kolendra"]
[Black "ouazzani"]
[Result "1-0"]
[WhiteElo "1564"]
[BlackElo "1599"]
[PlyCount "91"]
[EventDate "2018.??.??"]
[EventType "blitz"]

1. e4 e5 2. Nf3 Nc6 3. c3 Nf6 4. d4 d5 5. Qa4 dxe4 6. Nxe5 Bd7 7. Nxd7 Qxd7 8.
Bb5 O-O-O 9. O-O a6 10. Bxc6 Qxc6 11. Qxc6 bxc6 12. Bg5 Be7 13. Re1 Rhe8 14.
Nd2 c5 15. Bxf6 gxf6 16. Nxe4 cxd4 17. cxd4 f5 18. Ng3 Rd5 19. Re5 Rxe5 20.
dxe5 Bc5 21. Re1 Bd4 22. Re2 Rxe5 23. b3 Rc5 24. Rd2 Rc1+ 25. Nf1 c5 26. g3 a5
27. Kg2 Kc7 28. Re2 Kd6 29. Ne3 Bxe3 30. Rxe3 Rc2 31. a4 Kd5 32. Kf3 Ra2 33.
Re2 Ra3 34. Rd2+ Ke5 35. Rd3 c4 36. Re3+ Kd4 37. bxc4 Rxa4 38. Re7 Rxc4 39.
Rxf7 a4 40. Rxf5 Rc3+ 41. Kg4 a3 42. Ra5 Kc4 43. f4 Kb4 44. Ra7 Rc2 45. f5 a2
46. f6 1-0

[Event "FICS unrated standard game"]
[Site "FICS freechess.org"]
[Date "2018.01.05"]
[Round "?"]
[White "CHPrk"]
[Black "herbsol"]
[Result "0-1"]
[WhiteElo "1720"]
[BlackElo "1594"]
[PlyCount "60"]
[EventDate "2018.??.??"]

1. e4 e5 2. Nf3 Nc6 3. c3 d6 4. Qb3 h6 5. d3 Nf6 6. h3 Be7 7. g4 b6 8. g5 Nh5
9. gxh6 gxh6 10. Rg1 Na5 11. Qb5+ Bd7 12. Qa6 f5 13. b4 Nc6 14. b5 Na5 15. exf5
Bxf5 16. Nxe5 dxe5 17. Bg2 Bc8 18. Bc6+ Kf8 19. Bxa8 Bxa6 20. Bf3 Nf4 21. Bxf4
exf4 22. bxa6 Qxd3 23. Nd2 Nc4 24. Be2 Qxd2+ 25. Kf1 Bc5 26. Rd1 Ne3+ 27. fxe3
Qxe3 28. Rd8+ Ke7 29. Rg2 Rxd8 30. Rh2 Qg1# {White checkmated} 0-1

[Event "FICS rated blitz game"]
[Site "FICS freechess.org"]
[Date "2018.01.05"]
[Round "?"]
[White "awitaliy"]
[Black "Marmari"]
[Result "0-1"]
[WhiteElo "1406"]
[BlackElo "1389"]
[PlyCount "106"]
[EventDate "2018.??.??"]
[EventType "blitz"]

1. e4 e5 2. Nf3 Nc6 3. c3 Nf6 4. Bd3 d6 5. h3 Be7 6. Bc2 Bd7 7. a3 O-O 8. O-O
d5 9. exd5 Nxd5 10. d4 exd4 11. Nxd4 Bc5 12. b4 Bxd4 13. cxd4 Qf6 14. Bb2 Qg5
15. Qf3 Nf6 16. Rd1 Rae8 17. d5 Ne5 18. Qc3 Ng6 19. Bc1 Qe5 20. Qxe5 Rxe5 21.
Bb2 Rxd5 22. Bxf6 Rxd1+ 23. Bxd1 gxf6 24. Bf3 c6 25. Nd2 Ne5 26. Be4 Re8 27. f3
Ng6 28. Bxg6 fxg6 29. Ne4 f5 30. Nd6 Rb8 31. Rd1 Be6 32. g4 Rd8 33. Kf2 Kf8 34.
Ke1 Rd7 35. gxf5 Bxf5 36. Nxf5 Rxd1+ 37. Kxd1 gxf5 38. Ke2 Ke7 39. Ke3 Kd6 40.
Kf4 Ke6 41. h4 h6 42. h5 b6 43. a4 a6 44. Ke3 Ke5 45. Kd3 Kf4 46. Kd4 Kxf3 47.
Ke5 f4 48. Kf5 Kg3 49. Kg6 f3 50. Kxh6 f2 51. Kg6 f1=Q 52. h6 Qf8 53. h7 c5 {
White resigns} 0-1

[Event "FICS rated blitz game"]
[Site "FICS freechess.org"]
[Date "2018.01.05"]
[Round "?"]
[White "proximab"]
[Black "ferbar"]
[Result "0-1"]
[WhiteElo "1899"]
[BlackElo "1769"]
[PlyCount "108"]
[EventDate "2018.??.??"]
[EventType "blitz"]

1. e4 e5 2. Nf3 Nc6 3. c3 d6 4. Bc4 Be6 5. Bxe6 fxe6 6. Qb3 Qc8 7. O-O Be7 8.
d4 exd4 9. Nxd4 Nxd4 10. cxd4 Nf6 11. e5 dxe5 12. dxe5 Nd5 13. Qa4+ c6 14. Qg4
Qd7 15. Qxg7 O-O-O 16. a3 h5 17. h3 Rhg8 18. Qh7 h4 19. Qe4 Rdf8 20. Qd4 Qc7
21. Qxa7 Bg5 22. Bxg5 Rxg5 23. Qa8+ Qb8 24. Qxb8+ Kxb8 25. Nd2 Rfg8 26. Kh1
Rxg2 27. Nf3 Nf4 28. Rg1 Rxg1+ 29. Rxg1 Rh8 30. Rg4 Nd3 31. Kg2 Nxb2 32. Nxh4
Nd3 33. Ng6 Rg8 34. Kg3 Nc5 35. Ne7 Rf8 36. h4 Nd7 37. f4 Rf7 38. Rg8+ Kc7 39.
Nc8 Nc5 40. Nd6 Rh7 41. Rc8+ Kb6 42. Nc4+ Kb5 43. Nd6+ Ka4 44. Ra8+ Kb3 45. Ra7
Ne4+ 46. Nxe4 Kc4 47. Nd6+ Kc5 48. Rxb7 Rxb7 49. Nxb7+ Kb6 50. h5 c5 51. Nxc5
Kxc5 52. h6 Kc6 53. h7 Kc5 54. h8=Q Kc6 0-1

[Event "FICS unrated blitz game"]
[Site "FICS freechess.org"]
[Date "2018.01.05"]
[Round "?"]
[White "proximab"]
[Black "AlfaLeporis"]
[Result "1-0"]
[WhiteElo "1904"]
[BlackElo "978"]
[PlyCount "27"]
[EventDate "2018.??.??"]
[EventType "blitz"]

1. e4 e5 2. Nf3 Nc6 3. c3 Nf6 4. d4 exd4 5. e5 Ng4 6. cxd4 d6 7. h3 Ngxe5 8.
dxe5 dxe5 9. Qxd8+ Kxd8 10. Nc3 Nd4 11. Nxe5 Nc6 12. Nxf7+ Ke7 13. Nxh8 Ke8 14.
Bd3 1-0

[Event "FICS rated blitz game"]
[Site "FICS freechess.org"]
[Date "2018.01.05"]
[Round "?"]
[White "jsssstplayinn"]
[Black "SuperGroverThree"]
[Result "0-1"]
[WhiteElo "1636"]
[BlackElo "1685"]
[PlyCount "56"]
[EventDate "2018.??.??"]
[EventType "blitz"]

1. e4 e5 2. Nf3 Nc6 3. c3 Nf6 4. d4 exd4 5. e5 Nd5 6. cxd4 d6 7. Bb5 dxe5 8.
Nxe5 Qd6 9. Bxc6+ bxc6 10. O-O Be7 11. Bf4 Qf6 12. Bg3 O-O 13. Nc3 Rb8 14. Ne4
Qh6 15. Ng4 Qg6 16. f3 Bxg4 17. fxg4 Qxe4 18. Bxc7 Rxb2 19. Qf3 Qxf3 20. Rxf3
Rc8 21. Be5 f6 22. Bg3 c5 23. dxc5 Bxc5+ 24. Kh1 Bb6 25. h4 Rcc2 26. Raf1 Rxg2
27. Rf5 Rxg3 28. Rxd5 Rh3# {White checkmated} 0-1

[Event "FICS rated standard game"]
[Site "FICS freechess.org"]
[Date "2018.01.05"]
[Round "?"]
[White "CarveItUp"]
[Black "MrBurrows"]
[Result "0-1"]
[WhiteElo "1759"]
[BlackElo "1691"]
[PlyCount "46"]
[EventDate "2018.??.??"]

1. e4 e5 2. Nf3 Nc6 3. c3 d6 4. d4 Bg4 5. Be2 Nf6 6. d5 Nb8 7. Nbd2 Nbd7 8. b4
c5 9. O-O Be7 10. Ng5 Bxe2 11. Qxe2 h6 12. Ngf3 O-O 13. a4 cxb4 14. cxb4 a5 15.
Ba3 b6 16. Rac1 axb4 17. Bxb4 Rxa4 18. Qb5 Ra7 19. h3 Rc7 20. Rc6 Rb7 21. Rfc1
Nb8 22. Rc8 Qd7 23. Qxd7 Rxd7 0-1

[Event "FICS rated blitz game"]
[Site "FICS freechess.org"]
[Date "2018.01.05"]
[Round "?"]
[White "NicolausSilver"]
[Black "Aleprok"]
[Result "1-0"]
[WhiteElo "1318"]
[BlackElo "1272"]
[PlyCount "81"]
[EventDate "2018.??.??"]
[EventType "blitz"]

1. e4 e5 2. Nf3 Nc6 3. c3 Bc5 4. b4 Bb6 5. a4 a6 6. a5 Ba7 7. Bc4 Nf6 8. Bxf7+
Kf8 9. Bb3 Nxe4 10. d3 Nf6 11. Bg5 h6 12. Bh4 d5 13. Bxd5 Qxd5 14. O-O g5 15.
Bg3 Kg7 16. c4 Qf7 17. b5 axb5 18. cxb5 Nd4 19. Nxe5 Qb3 20. Qxb3 Nxb3 21. Ra3
Nd4 22. b6 cxb6 23. axb6 Ne2+ 24. Kh1 Nxg3+ 25. fxg3 Be6 26. bxa7 Bd5 27. Nc3
Be6 28. Nb5 Rad8 29. Nc7 Nd7 30. a8=Q Rxa8 31. Nxa8 Nxe5 32. Nc7 Bf7 33. Ne6+
Kg6 34. Nc5 b6 35. Ne4 Bd5 36. Rf6+ Kh5 37. d4 Rc8 38. g4+ Kxg4 39. Rg3+ Kh4
40. Rh3+ Kg4 41. Nf2# {Black checkmated} 1-0

[Event "FICS rated blitz game"]
[Site "FICS freechess.org"]
[Date "2018.01.05"]
[Round "?"]
[White "jsssstplayinn"]
[Black "samdomagala"]
[Result "1/2-1/2"]
[WhiteElo "1642"]
[BlackElo "1491"]
[PlyCount "101"]
[EventDate "2018.??.??"]
[EventType "blitz"]

1. e4 e5 2. Nf3 Nc6 3. c3 d6 4. d4 exd4 5. cxd4 Bg4 6. d5 Ne5 7. Be2 Qf6 8. O-O
Nxf3+ 9. Bxf3 Bxf3 10. Qxf3 Qxf3 11. gxf3 O-O-O 12. Be3 h5 13. Nc3 a6 14. b4 f6
15. b5 a5 16. a4 b6 17. Rac1 Ne7 18. Ne2 g5 19. Nd4 Bh6 20. Ne6 Rd7 21. Kg2 f5
22. Bd4 Rg8 23. Bxb6 g4 24. Bxc7 gxf3+ 25. Kxf3 fxe4+ 26. Kxe4 Rg4+ 27. Kf3
Bxc1 28. Rxc1 Nxd5 29. Bxd6+ Kb7 30. Bg3 Rf7+ 31. Kg2 h4 32. Nc5+ Kb6 33. h3
hxg3 34. hxg4 gxf2 35. Ne4 Ne3+ 36. Kg3 f1=Q 37. Rc6+ Kb7 38. Nd6+ Kb8 39. Rb6+
Kc7 40. Nxf7 Qg2+ 41. Kf4 Qxg4+ 42. Kxe3 Kxb6 43. Nd6 Qxa4 44. Nc8+ Kb7 45.
Nd6+ Kb6 46. Nc8+ Kc5 47. Ne7 Qxb5 48. Nf5 Qc4 49. Kf3 Kb4 50. Ne3 a4 51. Nc2+
1/2-1/2

[Event "FICS rated blitz game"]
[Site "FICS freechess.org"]
[Date "2018.01.05"]
[Round "?"]
[White "awitaliy"]
[Black "ghdmeriee"]
[Result "1-0"]
[WhiteElo "1404"]
[BlackElo "1456"]
[PlyCount "53"]
[EventDate "2018.??.??"]
[EventType "blitz"]

1. e4 e5 2. Nf3 Nc6 3. c3 h6 4. Bd3 Nf6 5. Bc2 d5 6. exd5 Nxd5 7. d4 e4 8. Ne5
Nxe5 9. dxe5 Bf5 10. O-O Qe7 11. c4 Nb6 12. Be3 Qxe5 13. c5 Nd5 14. Nc3 O-O-O
15. Qe2 Nxe3 16. fxe3 Bxc5 17. Rac1 Bd6 18. g3 h5 19. Nb5 Kb8 20. Nd4 g6 21.
Qc4 h4 22. Ne2 hxg3 23. hxg3 Bg4 24. Nf4 Qg5 25. Bxe4 Bxf4 26. exf4 Qh5 27.
Qxc7+ 1-0

[Event "FICS rated blitz game"]
[Site "FICS freechess.org"]
[Date "2018.01.05"]
[Round "?"]
[White "nalder"]
[Black "Mockmaster"]
[Result "0-1"]
[WhiteElo "1701"]
[BlackElo "1903"]
[PlyCount "112"]
[EventDate "2018.??.??"]
[EventType "blitz"]

1. e4 e5 2. Nf3 Nc6 3. c3 d5 4. exd5 Qxd5 5. c4 Qd6 6. Nc3 a6 7. Ne4 Qd8 8. b3
f5 9. Nc3 Nf6 10. Bb2 Bd6 11. Qc2 O-O 12. O-O-O Nb4 13. Qb1 c5 14. a3 a5 15.
axb4 axb4 16. Nb5 Bb8 17. Bxe5 Bxe5 18. Nxe5 Ne4 19. Nd3 Qf6 20. Nb2 Nxf2 21.
Be2 Nxh1 22. Rxh1 f4 23. Rf1 Bf5 24. Bd3 Bxd3 25. Qxd3 Ra1+ 26. Kc2 Rxf1 27.
Qxf1 Rd8 28. Qf3 Rxd2+ 29. Kxd2 Qxb2+ 30. Kd3 Qxb3+ 31. Ke2 Qxc4+ 32. Qd3 Qe6+
33. Kf3 g5 34. Qd8+ Kg7 35. Qc7+ Kf6 36. Qxc5 Qc6+ 37. Qxc6+ bxc6 38. Nd4 c5
39. Nb5 c4 40. Ke4 h5 41. Kd4 c3 42. Nxc3 bxc3 43. Kxc3 Ke5 44. Kd3 g4 45. h3
gxh3 46. gxh3 Kf5 47. Ke2 Ke4 48. Kf2 f3 49. Ke1 Kf4 50. Kf2 h4 51. Kg1 Kg3 52.
Kh1 Kxh3 53. Kg1 Kg3 54. Kh1 h3 55. Kg1 f2+ 56. Kh1 f1=Q# {White checkmated}
0-1

[Event "FICS rated blitz game"]
[Site "FICS freechess.org"]
[Date "2018.01.05"]
[Round "?"]
[White "zbobi"]
[Black "ouazzani"]
[Result "0-1"]
[WhiteElo "1440"]
[BlackElo "1598"]
[PlyCount "96"]
[EventDate "2018.??.??"]
[EventType "blitz"]

1. e4 e5 2. Nf3 Nc6 3. c3 Be7 4. Bc4 Nf6 5. Qb3 O-O 6. d3 b6 7. Bd5 Bb7 8. Qd1
d6 9. O-O Nxd5 10. exd5 Nb8 11. c4 Nd7 12. Be3 f5 13. Nc3 a6 14. a3 Nf6 15. b4
Qd7 16. d4 e4 17. Ng5 Ng4 18. Ne6 Rf7 19. h3 Nf6 20. Ng5 Rff8 21. Ne6 Rfe8 22.
Bg5 c6 23. Bxf6 Bxf6 24. Ne2 cxd5 25. cxd5 Bxd5 26. N6f4 Bc4 27. Re1 d5 28. Ng3
g6 29. Rc1 b5 30. Nge2 Qg7 31. Rxc4 dxc4 32. Nd5 Red8 33. Nxf6+ Qxf6 34. Qa1
Rd5 35. Nf4 Rxd4 36. g3 Rd6 37. Qxf6 Rxf6 38. Nd5 Rd6 39. Ne3 Rad8 40. Kg2 Rd3
41. g4 f4 42. Nf1 R8d4 43. Ra1 Rc3 44. a4 Rb3 45. axb5 axb5 46. Ra8+ Kg7 47.
Re8 Rb1 48. Nh2 Rxb4 0-1

[Event "FICS rated blitz game"]
[Site "FICS freechess.org"]
[Date "2018.01.04"]
[Round "?"]
[White "gunilla"]
[Black "pdrag"]
[Result "0-1"]
[WhiteElo "1214"]
[BlackElo "1500"]
[PlyCount "34"]
[EventDate "2018.??.??"]
[EventType "blitz"]

1. e4 e5 2. Nf3 Nc6 3. c3 Bc5 4. d4 exd4 5. cxd4 Bb6 6. Nc3 Nf6 7. e5 Ng4 8. d5
Bxf2+ 9. Ke2 Nb4 10. Bg5 f6 11. exf6 gxf6 12. Bxf6 Qxf6 13. Ne4 Qxb2+ 14. Nfd2
Qe5 15. Qb3 Nxd5 16. Rc1 Nf4+ 17. Kd1 Ne3+ {White resigns} 0-1

[Event "FICS rated blitz game"]
[Site "FICS freechess.org"]
[Date "2018.01.04"]
[Round "?"]
[White "istwoud"]
[Black "Kiwrin"]
[Result "0-1"]
[WhiteElo "1314"]
[BlackElo "1634"]
[PlyCount "64"]
[EventDate "2018.??.??"]
[EventType "blitz"]

1. e4 e5 2. c3 Nc6 3. Nf3 Bc5 4. Bc4 d6 5. O-O Nge7 6. d4 exd4 7. cxd4 Bb6 8.
Be3 O-O 9. Nc3 Bg4 10. h3 Bxf3 11. Qxf3 Nxd4 12. Bxd4 Bxd4 13. Rad1 Be5 14. Nd5
Nxd5 15. Bxd5 Rb8 16. Qe3 Bxb2 17. Qxa7 c6 18. Bb3 Qc7 19. Qe3 Rbe8 20. Qf3 Re7
21. Rd2 Be5 22. Rfd1 g6 23. Qg4 h5 24. Qg5 Kg7 25. f4 Bf6 26. Qg3 Rfe8 27. f5
Rxe4 28. Rxd6 Be5 29. Qf3 Bxd6 30. fxg6 fxg6 31. Rxd6 Qxd6 32. Qf7+ Kh6 {
White resigns} 0-1

[Event "FICS rated blitz game"]
[Site "FICS freechess.org"]
[Date "2018.01.04"]
[Round "?"]
[White "jezebelben"]
[Black "temee"]
[Result "1-0"]
[WhiteElo "1380"]
[BlackElo "1334"]
[PlyCount "39"]
[EventDate "2018.??.??"]
[EventType "blitz"]

1. e4 e5 2. Nf3 Nc6 3. c3 Bc5 4. d4 exd4 5. cxd4 Bb4+ 6. Bd2 Bxd2+ 7. Nbxd2 d6
8. d5 Ne5 9. Nb1 Bg4 10. Be2 Nf6 11. O-O Nxe4 12. Qa4+ Bd7 13. Qxe4 O-O 14.
Nxe5 dxe5 15. Nc3 Re8 16. h3 Qf6 17. Rad1 Rad8 18. Bg4 Bxg4 19. Qxg4 Rd6 20.
Ne4 {Black resigns} 1-0

[Event "FICS rated standard game"]
[Site "FICS freechess.org"]
[Date "2018.01.04"]
[Round "?"]
[White "knanah"]
[Black "xsus"]
[Result "0-1"]
[WhiteElo "1619"]
[BlackElo "2032"]
[PlyCount "45"]
[EventDate "2018.??.??"]

1. e4 e5 2. Nf3 Nc6 3. c3 d5 4. exd5 Qxd5 5. c4 Qd6 6. Be2 e4 7. Ng1 Qg6 8. g3
Bf5 9. Nc3 O-O-O 10. Nd5 Bc5 11. b4 Bd4 12. Rb1 e3 13. b5 exf2+ 14. Kf1 fxg1=Q+
15. Rxg1 Bh3+ 16. Ke1 Qxb1 17. bxc6 Bxg1 18. d3 Nf6 19. Nxc7 Qxa2 20. Nb5 Ne4
21. Bg4+ f5 22. cxb7+ Kxb7 23. Bxh3 {White resigns} 0-1

[Event "FICS rated blitz game"]
[Site "FICS freechess.org"]
[Date "2018.01.04"]
[Round "?"]
[White "awitaliy"]
[Black "smarlny"]
[Result "0-1"]
[WhiteElo "1404"]
[BlackElo "1380"]
[PlyCount "66"]
[EventDate "2018.??.??"]
[EventType "blitz"]

1. e4 e5 2. Nf3 Nc6 3. c3 Nf6 4. Bd3 d6 5. h3 Be7 6. O-O Be6 7. Bc2 O-O 8. d4
exd4 9. cxd4 Bd7 10. e5 dxe5 11. dxe5 Ne8 12. a3 Be6 13. Qe2 Qc8 14. Nc3 a6 15.
Be3 b5 16. Qd3 g6 17. Ne4 Bc4 18. Qc3 Bxf1 19. Rxf1 Ng7 20. Qxc6 Rd8 21. Nf6+
Kh8 22. Qe4 c5 23. Qh4 Bxf6 24. exf6 Nf5 25. Bxf5 Qxf5 26. Bh6 Rd6 27. Bg7+ Kg8
28. Qh6 Qh5 29. Qf4 Rad8 30. Ng5 Qe2 31. f3 Qd2 32. Qh4 Qd4+ 33. Qxd4 cxd4 {
White resigns} 0-1

[Event "FICS rated blitz game"]
[Site "FICS freechess.org"]
[Date "2018.01.04"]
[Round "?"]
[White "hoken"]
[Black "kushal"]
[Result "0-1"]
[WhiteElo "1441"]
[BlackElo "1509"]
[PlyCount "104"]
[EventDate "2018.??.??"]
[EventType "blitz"]

1. e4 e5 2. Nf3 Nc6 3. c3 Nf6 4. d3 Be7 5. Be2 O-O 6. h3 d6 7. Be3 h6 8. a3 Nh7
9. Nbd2 f5 10. exf5 Bxf5 11. Ne4 d5 12. Ng3 Bg6 13. O-O d4 14. cxd4 exd4 15.
Bd2 Kh8 16. Qb3 Rb8 17. Rad1 Nf6 18. Rfe1 Bf7 19. Qa4 a6 20. Bf1 b5 21. Qc2 Bd5
22. Ne5 Nxe5 23. Rxe5 Bd6 24. Rf5 Be6 25. Rf3 Qd7 26. Ne4 Nxe4 27. dxe4 Rxf3
28. gxf3 Bxh3 29. Qd3 Rf8 30. Bg2 Rf6 31. Re1 Rg6 32. Kf1 Bxg2+ 33. Ke2 Qh3 34.
e5 Bxe5 35. Qe4 Re6 36. Qa8+ Kh7 37. Qe4+ g6 38. Kd3 Bxf3 39. Qxe5 Rxe5 40.
Rxe5 Qg4 41. Re7+ Kg8 42. Bxh6 Qf5+ 43. Kd2 c5 44. Rg7+ Kh8 45. Re7 c4 46. Re8+
Kh7 47. Bf8 Qd3+ 48. Ke1 c3 49. bxc3 dxc3 50. Re7+ Kg8 51. Bh6 c2 52. Re3 Qd1#
{White checkmated} 0-1